LEADER 02090nam 2200529 450 001 9910798364303321 005 20230808193141.0 010 $a1-4982-3120-9 035 $a(CKB)3710000000666690 035 $a(EBL)4534522 035 $a(SSID)ssj0001672910 035 $a(PQKBManifestationID)16471395 035 $a(PQKBTitleCode)TC0001672910 035 $a(PQKBWorkID)14966605 035 $a(PQKB)10940143 035 $a(MiAaPQ)EBC4534522 035 $a(Au-PeEL)EBL4534522 035 $a(CaPaEBR)ebr11215562 035 $a(OCoLC)951223554 035 $a(EXLCZ)993710000000666690 100 $a20160621h20162016 uy 0 101 0 $aeng 135 $aur|n|---||||| 181 $ctxt 182 $cc 183 $acr 200 10$aDarwin in a new key $eevolution and the question of value /$fWilliam J. Meyer 210 1$aEugene, Oregon :$cCascade Books,$d2016. 210 4$d©2016 215 $a1 online resource (136 p.) 300 $aDescription based upon print version of record. 311 $a1-4982-3119-5 320 $aIncludes bibliographical references and index. 330 $aCan one coherently integrate Darwin's view of evolution with an affirmation of the value of existence? In this fresh, lean, and substantive volume, William Meyer addresses this important question. By carefully analyzing Darwin's own writings and by drawing on the philosophical perspectives of William James, Alfred North Whitehead, and others, Meyer persuasively redirects the cultural conversation about Darwin away from the retrospective question of origins toward the prospective question concerning the ultimate significance of evolutionary life. As James recognized, the question about the real 606 $aTeleology 606 $aEvolution$xPhilosophy 615 0$aTeleology. 615 0$aEvolution$xPhilosophy. 676 $a113 700 $aMeyer$b William J.$045581 801 0$bMiAaPQ 801 1$bMiAaPQ 801 2$bMiAaPQ 906 $aBOOK 912 $a9910798364303321 996 $aDarwin in a new key$93697604 997 $aUNINA LEADER 01080nam0 22002651i 450 001 UON00061049 005 20231205102307.86 100 $a20020107d1975 |0itac50 ba 101 $aeng 102 $aNL 105 $a|||| 1|||| 200 1 $aˆA ‰Concordance to five systems of transcriptions for standard Chinese$fOlov Bertil Anderson 210 $aLund$cStudentlitteratur$d1975 215 $a229 p.$d22 cm 606 $aLingua cinese$xStudi specifici$3UONC000775$2FI 620 $aSE$dLund$3UONL000893 686 $aCIN II C$cCINA - LINGUISTICA - STUDI SPECIFICI$2A 700 1$aANDERSON$bOlov Bertil$3UONV038988$0655275 712 $aStudentlitteratur$3UONV250435$4650 801 $aIT$bSOL$c20250516$gRICA 899 $aSIBA - SISTEMA BIBLIOTECARIO DI ATENEO$2UONSI 912 $aUON00061049 950 $aSIBA - SISTEMA BIBLIOTECARIO DI ATENEO$dSI CIN II C 007 $eSI SA 24253 5 007 996 $aConcordance to five systems of transcriptions for standard Chinese$91166676 997 $aUNIOR